Experimental renal hypertension / (Record no. 38836)

MARC details
000 -LEADER
fixed length control field 00790cam a22002411i 4500
001 - CONTROL NUMBER
control field med48000049
003 - CONTROL NUMBER IDENTIFIER
control field DLC
005 - DATE AND TIME OF LATEST TRANSACTION
control field 20260227111609.0
008 - FIXED-LENGTH DATA ELEMENTS--GENERAL INFORMATION
fixed length control field 790611s1948 ilua 000 0 eng
010 ## - LIBRARY OF CONGRESS CONTROL NUMBER
LC control number med48000049
035 ## - SYSTEM CONTROL NUMBER
System control number (OCoLC)5054582
040 ## - CATALOGING SOURCE
Original cataloging agency DLC
Transcribing agency ISUM
Modifying agency DLC
042 ## - AUTHENTICATION CODE
Authentication code premarc
050 00 - LIBRARY OF CONGRESS CALL NUMBER
Classification number RC669
Item number .P28 1948
060 ## - NATIONAL LIBRARY OF MEDICINE CALL NUMBER
Classification number WG355 P132e 1948
100 1# - MAIN ENTRY--PERSONAL NAME
Personal name Page, Irvine H.
Fuller form of name (Irvine Heinly),
Dates associated with a name 1901-1991.
245 10 - TITLE STATEMENT
Title Experimental renal hypertension /
Statement of responsibility, etc. by Irvine H. Page and Arthur Curtis Corcoran.
260 ## - PUBLICATION, DISTRIBUTION, ETC.
Place of publication, distribution, etc. Springfield, Ill. :
Name of publisher, distributor, etc. Thomas,
Date of publication, distribution, etc. [1948].
300 ## - PHYSICAL DESCRIPTION
Extent v, 64 p. :
Other physical details ill. ;
Dimensions 23 cm.
490 0# - SERIES STATEMENT
Series statement American lecture series, no. 16. American lectures in physiology.
504 ## - BIBLIOGRAPHY, ETC. NOTE
Bibliography, etc. note Bibliography: p. 63-64.
830 #0 - SERIES ADDED ENTRY--UNIFORM TITLE
Uniform title American lecture series ;
Volume/sequential designation no. 16.

No items available.

Powered by Koha